000 00616nam a2200217Ii 4500
003 JO-AjNU
008 230606s9999||||xx |||||||||||||| ||und||
020 _a978-0-19-442478-3
040 _aJO-AjNU
_beng
_erda
_cJO-AjNU
041 _aeng
050 1 4 _aP118 2009
100 3 _aKramsch,Claire تأليف,
_eauthor
_92034
245 0 4 _aThe Multilingual Subject
250 _a1 ed
264 3 1 _aNew York:Oxford University Press,2009
300 _a231p
336 _atext
_btxt
_2rdacontent
337 _aunmediated
_bn
_2rdamedia
338 _avolume
_bnc
_2rdacarrier
650 4 _aThe Multilingual Subject
_92035
999 _aE1069
_c1069
_d1069